| 000 | 00385nam a22001455a 4500 | ||
|---|---|---|---|
| 999 |
_c12369 _d12369 |
||
| 003 | OSt | ||
| 005 | 20240117115105.0 | ||
| 008 | 990407s1996 enk 000 0 eng | ||
| 020 | _a9781873394175 | ||
| 100 | 1 | _aHighfield | |
| 245 | 1 | 0 |
_aConservation of stone in North American buildings / _cHighfield. |
| 260 |
_aLondon : _bChapman and Hall, _c1996. |
||
| 300 |
_ap.; _ccm. |
||
| 942 | _2ddc | ||